| 000 | 00658nam a22002417a 4500 | ||
|---|---|---|---|
| 003 | UA-OsUOA | ||
| 001 | 47475 | ||
| 007 | ta | ||
| 008 | 20070724b un ||||| |||| 00| 0 ukr d | ||
| 100 | _aМисири Г. С. | ||
| 700 | _aГаб С. П. | ||
| 090 |
_a811.161.1 _bМ65 |
||
| 942 | _cBK | ||
| 040 |
_aUA-OsUOA _brus _cUA-OsUOA _dUA-OsUOA |
||
| 245 | _aРусский язык | ||
| 300 | _a232 с. | ||
| 955 | _a2 | ||
| 041 | _arus | ||
| 080 | _a811.161.1 | ||
| 260 |
_aМ. _bВысшая школа _c1979 |
||
| 650 | 7 |
_a8 Мовознавство. Художня література. Літературознавство _2UDC |
|
| 999 |
_c333573 _d333573 |
||